| 000 | 00716nam a22001577a 4500 | ||
|---|---|---|---|
| 003 | OSt | ||
| 005 | 20151203093836.0 | ||
| 008 | 151203b xxu||||| |||| 00| 0 eng d | ||
| 040 | _cRUA | ||
| 082 | _aFIS NEA 2008 B180 Or.1 | ||
| 100 |
_94183 _aNEANG, SIMORN. |
||
| 245 | _aLivelihood status and utilization of caostal fisheries resources in caostal community fishery kampot province, ស្ថានភាពជីវភាពរស់នៅ និងការប្រើប្រាស់ធនធានជលផលក្នុងសហគមន៍នេសាទតំបន់ឆ្នេរ ខេត្តកំពត | ||
| 260 |
_aPhnom Penh _bRUA _c2008 |
||
| 300 |
_axii; 49p. _bill. _c29cm. |
||
| 942 |
_2ddc _cFIS |
||
| 999 |
_c3897 _d3897 |
||